000
00317nam a22001337a 4500
003
SGT
082
_a
320
_b
K09T
100
_a
THENDI, D.B
245
_a
KARYAKARTA ADHISTHAN: VYAKTIMATVA VYAVHAAR
260
_b
BHARTIYA VICHAR SADHNA PRAKASHAN
_c
2009
300
_a
195
650
_a
POLITICAL SCIENCE
942
_2
ddc
_c
BK
999
_c
28156
_d
28156